000 00369nam a22001217a 4500
999 _c10287
_d10287
003 OSt
008 201218b ||||| |||| 00| 0 eng d
245 _aHarvard Business Review
250 _a2019(Jan-Feb, Mar-Apr, May-Jun, Jul-Aug, Nov-Dec)
260 _aNewcastle Gatehead, U.K.
_bHarvard Business School Publication Pvt. Ltd.
650 _aManagement
942 _2ddc
_cBV